<?xml version="1.0" encoding="UTF-8"?>
<marc:record xmlns:marc="http://www.loc.gov/MARC21/slim">
   <marc:leader>00000nam a2200000 a 4500</marc:leader>
   <marc:datafield ind1=" " ind2=" " tag="653">
      <marc:subfield code="a">Tier</marc:subfield>
   </marc:datafield>
   <marc:datafield ind1="0" ind2="0" tag="245">
      <marc:subfield code="a">Die kleine Eule und die Tiere der Nacht [Medienkombination]</marc:subfield>
   </marc:datafield>
   <marc:datafield ind1="0" ind2="0" tag="245">
      <marc:subfield code="b">eine Geschichte mit vielen Sachinformationen ; [ein Natur-Erlebnis mit Audio-CD]</marc:subfield>
   </marc:datafield>
   <marc:datafield ind1=" " ind2="1" tag="264">
      <marc:subfield code="b">Arena</marc:subfield>
      <marc:subfield code="c">2013</marc:subfield>
   </marc:datafield>
   <marc:datafield ind1="1" ind2=" " tag="520">
      <marc:subfield code="a">Der 10. Band der Sachbilderbuchreihe. (ab 4) (JN) Das Buch stellt 13 heimische Wildtiere vor, die dämmerungs- oder nachtaktiv sind. Jedem Tier ist eine üppig illustrierte Doppelseite gewidmet, auf der Begleit-CD sind die Porträts mit Naturgeräuschen untermalt. Buch- und CD-Inhalt decken sich nicht zu 100 Prozent und können auch unabhängig voneinander gelesen bzw. angehört werden. Der Fokus liegt bei jedem Tier woanders, auch wenn sich die Geschichten meistens um das Geborenwerden, die Futtersuche oder um lebensbedrohliche Gefahren drehen. Des Weiteren werden die Unterschiede zwischen jungen und erwachsenen Tieren dargestellt, oder, bei Amphibien und Insekten, die verschiedenen Entwicklungsstadien. Sprachlich und inhaltlich knüpfen die Geschichten dabei an kindliche Erlebniswelten an, wodurch Identifikation und Naturverbundenheit entstehen können und ein erstes Wahrnehmen des ewigen Zyklus von Werden und Vergehen möglich ist, wenngleich Letzteres in diesem Buch nicht behandelt wird. Die Illustrationen folgen dem Kindchenschema und sind manchmal überdeutlich ausgeführt, Wirklichkeitsnähe ist nicht oberstes Gebot. Sie bestechen durch ihren subtilen Humor wie auf Seite 5, wo der Regenwurm unversehens auf die schlafende Kreuzkröte trifft. Eine Doppelseite ist klugerweise noch dem Aberglauben der Mensch-Tier-Beziehung gewidmet, bevor das Buch mit einigen lässigen Vermenschlichungen ausklingt.</marc:subfield>
   </marc:datafield>
   <marc:datafield ind1=" " ind2=" " tag="020">
      <marc:subfield code="a">9783401702155</marc:subfield>
      <marc:subfield code="9">9783401702155</marc:subfield>
   </marc:datafield>
</marc:record>
